Statystyki dla Najwięksi producenci trzciny cukrowej

Kliknij tutaj aby rozwiązać quiz!

Ogólne statystyki

  • Ten quiz został rozwiązany 46 razy
  • Średni wynik to 7 z 10

Statystyki odpowiedzi

Ilość (w mln ton)Kraj% Poprawnych
746,8 mln tonBrazylia
95%
376,9 mln tonIndie
95%
31,3 mln tonUSA
95%
108,7 mln tonChiny
93%
56,8 mln tonMeksyk
83%
36,3 mln tonKolumbia
76%
33,5 mln tonAustralia
67%
104,4 mln tonTajlandia
55%
67,2 mln tonPakistan
52%
35,6 mln tonGwatemala
14%

Rozkład punktacji

Percentyl według liczby udzielonych odpowiedzi

Procent ludzi z każdym wynikiem

Twoja historia wyników

Nie rozwiązałeś tego quizu